| 000 | 00401nam a22001577a 4500 | ||
|---|---|---|---|
| 005 | 20231123072912.0 | ||
| 008 | 231123b |||||||| |||| 00| 0 eng d | ||
| 041 | _aEnglish | ||
| 082 | _a342 JUS | ||
| 100 | _lEnglish | ||
| 245 | _aJustice Training Centre 1998 | ||
| 260 | _c1998 | ||
| 300 |
_b38 pages ; _c31 cm. |
||
| 650 |
_aLegal practice _bLaw |
||
| 942 |
_cBK _6ALISON_BN_VRIES |
||
| 999 |
_c871 _d871 |
||